Excess baggage : getting out of your own way

Bibliographic Details
Main Author: Sills, Judith
Format: Book
Published: New York : Penguin Group , 1993
Subjects:

MARC

LEADER 00000cam a2200000 7i4500
001 0000001518
002 000001664
005 20000330.0
020 |a 0670840629 
090 0 0 |a 158.11   |b SIL 
100 1 |a Sills, Judith 
245 1 0 |a Excess baggage :   |b getting out of your own way   |c Judith Sills 
260 |a New York :   |b Penguin Group ,   |c 1993 
300 |a 276p. ;   |c 24cm. 
650 0 0 |a Self-actualization (Psychology) 
650 0 0 |a Self-defeating behavior 
999 |a 034469   |b BUKU   |c PINJAMAN   |e PERPUSTAKAAN KOMUNITI PETALING JAYA